[Event "GRE-chT Online Rapid op 1st"]
[Site "Tornelo INT"]
[Date "2021.02.21"]
[Round "7.15"]
[White "Laggousis, Andreas"]
[Black "Fertakis, Dimitrios"]
[Result "1-0"]
[WhiteElo "1925"]
[BlackElo "1100"]
[PlyCount "59"]
[EventDate "2021.02.20"]
[EventType "team-swiss (rapid)"]
[EventRounds "9"]
[EventCountry "GRE"]
[SourceTitle "EXT 2023"]
[Source "ChessBase"]
[SourceDate "2022.10.05"]
[SourceVersion "1"]
[SourceVersionDate "2022.10.05"]
[SourceQuality "1"]

1. e4 c5 2. Nc3 e6 3. f4 d5 4. Bb5+ Nc6 5. Bxc6+ bxc6 6. d3 Ne7 7. Nf3 Ng6 8. 0-0 Qc7 9. Ne2 Ba6 10. f5 exf5 11. exf5 Ne5 12. Nxe5 Qxe5 13. Ng3 0-0-0 14. Qg4 Qd4+ 15. Qxd4 cxd4 16. Bf4 f6 17. Rae1 Bd6 18. Re6 Bxf4 19. Rxf4 Kc7 20. Rxd4 Rhe8 21. Rxe8 Rxe8 22. Kf2 Kb6 23. Rh4 h6 24. Nh5 c5 25. Nxg7 Re5 26. Rxh6 Ka5 27. Rxf6 Re7 28. Ne6 c4 29. d4 Kb4 30. c3+ 1-0

[Event "GRE-chT Online Rapid op 1st"]
[Site "Tornelo INT"]
[Date "2021.02.21"]
[Round "9.13"]
[White "Laggousis, Andreas"]
[Black "Ntouvelos, Ioannis"]
[Result "1/2-1/2"]
[WhiteElo "1925"]
[BlackElo "1547"]
[PlyCount "188"]
[EventDate "2021.02.20"]
[EventType "team-swiss (rapid)"]
[EventRounds "9"]
[EventCountry "GRE"]
[SourceTitle "EXT 2023"]
[Source "ChessBase"]
[SourceDate "2022.10.05"]
[SourceVersion "1"]
[SourceVersionDate "2022.10.05"]
[SourceQuality "1"]

1. e4 e6 2. d3 d5 3. Nd2 Nf6 4. g3 dxe4 5. dxe4 e5 6. Bg2 Nc6 7. Ngf3 Bd6 8. 0-0 0-0 9. c3 h6 10. Qe2 Be6 11. Nc4 Qe7 12. Nxd6 cxd6 13. Rd1 Rfd8 14. c4 Rac8 15. b3 Nd7 16. Ba3 Nc5 17. Rd2 Bg4 18. Qe3 a5 19. Ne1 Nd4 20. f3 Bd7 21. Nc2 Nce6 22. Nxd4 Nxd4 23. Bb2 Ne6 24. Rad1 Bc6 25. Bh3 b5 26. cxb5 Bxb5 27. Qb6 Rb8 28. Qxa5 Nc5 29. Qc3 Qa7 30. Qe3 Qxa2 31. Bxe5 Qxb3 32. Qxb3 Nxb3 33. Rxd6 Rxd6 34. Bxd6 Rd8 35. Bf1 Bxf1 36. Kxf1 Nc5 37. Ke2 Ne6 38. Be5 Ra8 39. Rd2 Ra5 40. Bf4 Nxf4+ 41. gxf4 Kf8 42. f5 Ke7 43. Ke3 Kf6 44. Kf4 Ra4 45. Rd6+ Ke7 46. Rb6 Rc4 47. h4 Ra4 48. h5 Rc4 49. Ra6 Rb4 50. Kg4 Rc4 51. Kg3 Rb4 52. Kf4 Rc4 53. Ke5 Rc5+ 54. Kd4 Rb5 55. Ke3 Rb3+ 56. Kf4 Rb4 57. f6+ gxf6 58. Ra8 Rb5 59. Kg4 Rg5+ 60. Kh4 f5 61. e5 Rg1 62. Ra6 Rh1+ 63. Kg3 Rxh5 64. Kf4 Ke8 65. Rb6 Ke7 66. Rf6 Ke8 67. Rxf5 Rh4+ 68. Kg3 Rh1 69. Rf6 Ke7 70. Ra6 Rg1+ 71. Kf4 Rg6 72. Ra7+ Ke6 73. Ke4 h5 74. f4 Rg4 75. Ra6+ Ke7 76. Rh6 Rh4 77. Kf5 Rh1 78. Rh7 h4 79. e6 h3 80. Rxf7+ Ke8 81. Rh7 h2 82. Kf6 Kd8 83. f5 Kc8 84. e7 Kd7 85. Rh8 Re1 86. Rxh2 Rxe7 87. Rh8 Re2 88. Ra8 Rf2 89. Ra5 Ke8 90. Ra8+ Kd7 91. Kg6 Ke7 92. Ra7+ Kf8 93. Kf6 Ke8 94. Ra8+ Kd7 1/2-1/2

[Event "GRE-ch Online Blitz op 1st"]
[Site "Tornelo INT"]
[Date "2021.02.07"]
[Round "4"]
[White "Laggousis, Andreas"]
[Black "Koutlas, Nikolaos"]
[Result "0-1"]
[WhiteElo "1856"]
[BlackElo "1525"]
[PlyCount "118"]
[EventDate "2021.02.07"]
[EventType "swiss (blitz)"]
[EventRounds "16"]
[EventCountry "GRE"]
[SourceTitle "EXT 2023"]
[Source "ChessBase"]
[SourceDate "2022.10.05"]
[SourceVersion "1"]
[SourceVersionDate "2022.10.05"]
[SourceQuality "1"]

1. e4 e6 2. Nf3 d5 3. e5 c5 4. d3 Nc6 5. Bf4 Qc7 6. g3 Bd7 7. Bg2 h6 8. h4 Nge7 9. c3 Ng6 10. Qe2 Nxf4 11. gxf4 0-0-0 12. Nbd2 Be7 13. 0-0-0 b5 14. Kb1 a5 15. h5 a4 16. Rc1 Qa5 17. d4 c4 18. a3 Kc7 19. Ne1 b4 20. cxb4 Nxb4 21. Nxc4 dxc4 22. Qxc4+ Kb8 23. axb4 Bxb4 24. Nd3 Bd2 25. Nc5 Bb5 26. Qc2 Bxc1 27. Rxc1 Rxd4 28. Ne4 Rc4 29. Qd1 Rxc1+ 30. Kxc1 Rc8+ 31. Kb1 a3 32. Qd6+ Rc7 33. Qxa3 Qxa3 34. bxa3 Bd3+ 35. Kb2 Rc2+ 36. Kb3 Bxe4 37. Bxe4 Rxf2 38. Bc6 Rxf4 39. Be8 Rf5 40. Kc4 Rxh5 41. Kd4 Rh4+ 42. Kc5 f6 43. Kd6 fxe5 44. Kxe5 Rh3 45. a4 Re3+ 46. Kf4 Re1 47. Bb5 e5+ 48. Kf3 Kc7 49. Kf2 Ra1 50. Ke3 Kb6 51. Ke4 Re1+ 52. Kd3 Kc5 53. Kd2 Ra1 54. Ke3 h5 55. Kf3 h4 56. Bd7 g5 57. Kg4 Rg1+ 58. Kf5 h3 59. Kxe5 h2 0-1

[Event "GRE-ch Online Blitz op 1st"]
[Site "Tornelo INT"]
[Date "2021.02.07"]
[Round "12"]
[White "Laggousis, Andreas"]
[Black "Papidakis, Georgios"]
[Result "1-0"]
[WhiteElo "1856"]
[BlackElo "1638"]
[PlyCount "75"]
[EventDate "2021.02.07"]
[EventType "swiss (blitz)"]
[EventRounds "16"]
[EventCountry "GRE"]
[SourceTitle "EXT 2023"]
[Source "ChessBase"]
[SourceDate "2022.10.05"]
[SourceVersion "1"]
[SourceVersionDate "2022.10.05"]
[SourceQuality "1"]

1. e4 e5 2. Nf3 Nc6 3. c3 d5 4. Qa4 f6 5. Bb5 Nge7 6. 0-0 Bg4 7. exd5 Bxf3 8. dxc6 Bxc6 9. Bxc6+ Nxc6 10. d4 exd4 11. Re1+ Be7 12. Qb3 Qd7 13. cxd4 Nxd4 14. Qc4 b5 15. Qc3 0-0 16. Be3 Nf5 17. Qb3+ Kh8 18. Nc3 a6 19. Rad1 Qc6 20. Bf4 Bc5 21. Bg3 Rae8 22. Rxe8 Rxe8 23. Kf1 h5 24. Qf7 Nxg3+ 25. hxg3 Qe6 26. Qxh5+ Kg8 27. Kg1 Bd6 28. Qf3 b4 29. Nd5 Be5 30. Ne3 Bxb2 31. Qb7 Be5 32. Rc1 Qe7 33. Ng4 Qe6 34. Nh2 Qxa2 35. Nf3 b3 36. Qd5+ Kh8 37. Re1 b2 38. Qxa2 1-0

[Event "GRE-ch Online Blitz op 1st"]
[Site "Tornelo INT"]
[Date "2021.02.07"]
[Round "7"]
[White "Pentogenis, Ioannis"]
[Black "Laggousis, Andreas"]
[Result "0-1"]
[WhiteElo "1342"]
[BlackElo "1856"]
[PlyCount "44"]
[EventDate "2021.02.07"]
[EventType "swiss (blitz)"]
[EventRounds "16"]
[EventCountry "GRE"]
[SourceTitle "EXT 2023"]
[Source "ChessBase"]
[SourceDate "2022.10.05"]
[SourceVersion "1"]
[SourceVersionDate "2022.10.05"]
[SourceQuality "1"]

1. e4 c6 2. d4 d5 3. exd5 cxd5 4. Bd3 Nf6 5. c3 Nc6 6. Be3 Qb6 7. b3 Bg4 8. f3 Bh5 9. Nd2 e6 10. Ne2 Rc8 11. Rc1 Ba3 12. Rc2 0-0 13. Ng3 Bg6 14. Bxg6 hxg6 15. h4 e5 16. Qe2 exd4 17. cxd4 Nxd4 18. Rxc8 Rxc8 19. Bxd4 Qxd4 20. Qf2 Qe5+ 21. Nde4 dxe4 22. 0-0 Bc5 0-1

[Event "Glyfada New Year op"]
[Site "Glyfada"]
[Date "2011.01.04"]
[Round "3"]
[White "Laggousis, Andreas"]
[Black "Kostouros, Alexandros"]
[Result "0-1"]
[WhiteElo "2013"]
[BlackElo "2218"]
[PlyCount "70"]
[EventDate "2011.01.02"]
[EventType "swiss"]
[EventRounds "7"]
[EventCountry "GRE"]
[SourceTitle "EXT 2024"]
[Source "ChessBase"]
[SourceDate "2023.10.10"]
[SourceVersion "1"]
[SourceVersionDate "2023.10.10"]
[SourceQuality "1"]

1. e4 e5 2. Nc3 Bc5 3. d3 Nc6 4. Be3 Bb6 5. Nd5 d6 6. Ne2 f5 7. exf5 Bxf5 8. Ng3 Bg6 9. Be2 Bxe3 10. fxe3 Nf6 11. Bf3 0-0 12. 0-0 Kh8 13. Nxf6 Rxf6 14. Bxc6 bxc6 15. Rxf6 Qxf6 16. Qf3 Qxf3 17. gxf3 c5 18. Rf1 Rb8 19. b3 Rf8 20. f4 exf4 21. Rxf4 Kg8 22. Ra4 Ra8 23. b4 Be8 24. Ra5 cxb4 25. d4 a6 26. Ne4 Bg6 27. Ng5 Bxc2 28. Ne6 c6 29. d5 c5 30. Kf2 Be4 31. h4 Bxd5 32. Nc7 Rf8+ 33. Ke1 Bc4 34. a3 b3 35. Kd2 b2 0-1

[Event "Nikaia op 15th"]
[Site "Nikaia"]
[Date "2007.08.25"]
[Round "3"]
[White "Khetsuriani, Besarion"]
[Black "Laggousis, Andreas"]
[Result "1-0"]
[WhiteElo "2367"]
[BlackElo "1990"]
[PlyCount "71"]
[EventDate "2007.08.23"]
[EventType "swiss"]
[EventRounds "9"]
[EventCountry "GRE"]
[SourceTitle "CBM 120 Extra"]
[Source "ChessBase"]
[SourceDate "2007.11.01"]
[SourceVersion "1"]
[SourceVersionDate "2007.11.01"]
[SourceQuality "1"]

1. Nf3 c6 2. c4 d5 3. g3 g6 4. cxd5 cxd5 5. d4 Bg7 6. Bg2 Nf6 7. 0-0 0-0 8. Nc3 h6 9. Ne5 e6 10. Bf4 Nbd7 11. Nd3 Nh5 12. Bd6 Re8 13. Nb5 Nb6 14. Nc7 Qxd6 15. Nxe8 Qe7 16. Nxg7 Nxg7 17. Rc1 Bd7 18. Rc7 Qd6 19. Rc2 Nf5 20. Ne5 Ne7 21. Qd2 Kg7 22. Qf4 Nf5 23. Rfc1 g5 24. Qd2 Rd8 25. b3 f6 26. Nxd7 Rxd7 27. a4 e5 28. dxe5 fxe5 29. a5 Na8 30. Bh3 Kf6 31. Bxf5 Kxf5 32. Rc8 Rd8 33. Rxd8 Qxd8 34. Qc2+ Kf6 35. Qc8 Ke7 36. Qxb7+ 1-0

[Event "Panagiotis Apergis op"]
[Site "Ano Liosia"]
[Date "2007.05.08"]
[Round "5"]
[White "Laggousis, Andreas"]
[Black "Sideris, Theodoros"]
[Result "0-1"]
[WhiteElo "1988"]
[BlackElo "2090"]
[PlyCount "100"]
[EventDate "2007.04.24"]
[EventType "swiss"]
[EventRounds "7"]
[EventCountry "GRE"]
[SourceTitle "EXT 2008"]
[Source "ChessBase"]
[SourceDate "2007.11.25"]
[SourceVersion "1"]
[SourceVersionDate "2007.11.25"]
[SourceQuality "1"]

1. e4 c5 2. Nc3 Nc6 3. g3 g6 4. Bg2 Bg7 5. Nge2 d6 6. 0-0 e6 7. d3 Nge7 8. Be3 0-0 9. d4 cxd4 10. Nxd4 a6 11. Qd2 Qc7 12. Rad1 Ne5 13. Qe2 Bd7 14. Nf3 Nc4 15. Bc1 Rac8 16. Qd3 Rfd8 17. Rfe1 Be8 18. Nd4 b5 19. Bh3 Bd7 20. f4 Bxd4+ 21. Qxd4 e5 22. Qf2 Bxh3 23. f5 Qc5 24. Be3 Nxe3 25. Rxe3 Bxf5 26. Nd5 Nxd5 27. Rxd5 Qxc2 28. Qxc2 Rxc2 29. exf5 gxf5 30. Rexe5 dxe5 31. Rxd8+ Kg7 32. Ra8 Rxb2 33. Rxa6 e4 34. Rb6 b4 35. h4 h5 36. Kf1 f6 37. Kg1 Kg6 38. Rb5 e3 39. Kf1 Kf7 40. Rxf5 Rxa2 41. Rxh5 Rf2+ 42. Kg1 b3 43. Rb5 b2 44. g4 Rc2 45. Kf1 Rc1+ 46. Ke2 b1Q 47. Rxb1 Rxb1 48. Kxe3 Kg6 49. Kf4 Rb4+ 50. Kg3 f5 0-1

[Event "Foivitika op"]
[Site "Foivitika"]
[Date "2005.??.??"]
[Round "6"]
[White "Samiotis, Vasilios"]
[Black "Laggousis, Andreas"]
[Result "0-1"]
[WhiteElo "1845"]
[BlackElo "2070"]
[PlyCount "144"]
[EventDate "2005.??.??"]
[EventType "swiss"]
[EventRounds "7"]
[EventCountry "GRE"]
[SourceTitle "EXT 2007"]
[Source "ChessBase"]
[SourceDate "2006.11.23"]
[SourceVersion "1"]
[SourceVersionDate "2006.11.23"]
[SourceQuality "1"]

1. e4 c6 2. d4 d5 3. exd5 cxd5 4. c4 Nf6 5. Nc3 Nc6 6. Nf3 e6 7. a3 Be7 8. h3 0-0 9. Be2 a6 10. Be3 dxc4 11. Bxc4 b5 12. Be2 b4 13. axb4 Nxb4 14. 0-0 Nbd5 15. Nxd5 Nxd5 16. Ne5 Bf6 17. Ng4 Bg5 18. Bf3 Bb7 19. Qd2 Be7 20. Ne5 f6 21. Nd3 Qb6 22. Nc5 Nxe3 23. Qxe3 Bxf3 24. Nd7 Qd6 25. Nxf8 Bd5 26. Nxe6 Qxe6 27. Qxe6+ Bxe6 28. Rfe1 Kf7 29. Rac1 Rd8 30. Rc6 Rd6 31. Rec1 a5 32. R6c5 Bd8 33. Rd1 Bb6 34. Rh5 h6 35. Rh4 Bb3 36. Rd2 f5 37. Rf4 Kf6 38. g4 g6 39. gxf5 gxf5 40. Rf3 a4 41. Rfd3 Rd5 42. Rc3 Kg5 43. Rg3+ Kf4 44. Rg6 Bxd4 45. Rxh6 Kg5 46. Rc6 Bg7 47. Rxd5 Bxd5 48. Rd6 Bb3 49. Rd2 Kf4 50. Kg2 Bf6 51. Kh2 Kf3 52. Kg1 Bg5 53. Rd3+ Ke4 54. Rg3 Bc1 55. h4 Bxb2 56. h5 f4 57. Rg5 Bd5 58. Rg6 a3 59. Ra6 a2 60. Ra4+ Kf5 61. h6 a1Q+ 62. Rxa1 Bxa1 63. h7 Kg6 64. Kh2 Kxh7 65. Kh3 Kg6 66. Kg4 Be5 67. f3 Bxf3+ 68. Kxf3 Kf5 69. Kf2 Ke4 70. Ke2 Bd4 71. Ke1 Kf3 72. Kf1 Kg3 0-1

[Event "Ambelokipi op 55th"]
[Site "Athens"]
[Date "2004.??.??"]
[Round "2"]
[White "Kokolias, Konstantinos"]
[Black "Laggousis, Andreas"]
[Result "1/2-1/2"]
[WhiteElo "2200"]
[BlackElo "2060"]
[PlyCount "102"]
[EventDate "2004.10.18"]
[EventType "swiss"]
[EventRounds "9"]
[EventCountry "GRE"]
[SourceTitle "EXT 2007"]
[Source "ChessBase"]
[SourceDate "2006.11.23"]
[SourceVersion "1"]
[SourceVersionDate "2006.11.23"]
[SourceQuality "1"]

1. e4 c6 2. d4 d5 3. Nd2 dxe4 4. Nxe4 Bf5 5. Ng3 Bg6 6. N1e2 Nf6 7. Nf4 e6 8. h4 e5 9. dxe5 Qxd1+ 10. Kxd1 Ng4 11. Be3 Nxe3+ 12. fxe3 h5 13. Nxg6 fxg6 14. Bd3 Rh6 15. e6 Be7 16. Ne4 Na6 17. Ng5 Nc5 18. Nf7 Nxd3 19. cxd3 Rh7 20. e4 Bc5 21. Ke2 Ke7 22. g3 Bd4 23. e5 g5 24. Nxg5 Rh6 25. Rhf1 Bxe5 26. Rf7+ Ke8 27. Raf1 Rf6 28. R1xf6 gxf6 29. Nh7 Rd8 30. Nxf6+ Bxf6 31. Rxf6 Ke7 32. Rh6 Rg8 33. Rxh5 Rxg3 34. Rh7+ Kxe6 35. Rxb7 Rh3 36. Kd2 Rxh4 37. Rxa7 Kd5 38. Ra5+ c5 39. a3 Rh1 40. b4 Kd4 41. Rxc5 Rh2+ 42. Kc1 Ra2 43. Ra5 Kc3 44. Kb1 Rg2 45. Rc5+ Kb3 46. Kc1 Kxa3 47. b5 Kb4 48. Rd5 Ka5 49. d4 Kb6 50. Rc5 Rg4 51. Rd5 Rg2 1/2-1/2

[Event "Ambelokipi op 55th"]
[Site "Athens"]
[Date "2004.??.??"]
[Round "7"]
[White "Laggousis, Andreas"]
[Black "Marinopoulos, Nikolaos"]
[Result "1-0"]
[WhiteElo "2060"]
[BlackElo "2115"]
[PlyCount "67"]
[EventDate "2004.10.18"]
[EventType "swiss"]
[EventRounds "9"]
[EventCountry "GRE"]
[SourceTitle "EXT 2007"]
[Source "ChessBase"]
[SourceDate "2006.11.23"]
[SourceVersion "1"]
[SourceVersionDate "2006.11.23"]
[SourceQuality "1"]

1. e4 c6 2. d4 d5 3. exd5 cxd5 4. Bd3 Nf6 5. Ne2 e6 6. 0-0 Be7 7. Bf4 Nbd7 8. Nbc3 a6 9. a3 b5 10. Ng3 0-0 11. Nce2 Bb7 12. c3 Nb6 13. Qc2 Nc4 14. Bg5 h6 15. Bf4 Qd7 16. Rae1 Rfc8 17. Bc1 a5 18. Nf4 b4 19. axb4 axb4 20. Nfh5 Nxh5 21. Nxh5 Nd6 22. Re3 bxc3 23. bxc3 Kf8 24. Rg3 Ne8 25. Qe2 g5 26. f4 Rxc3 27. Bd2 Rca3 28. fxg5 hxg5 29. Bxg5 Bxg5 30. Rxg5 Qa4 31. Qf2 Nd6 32. Rg7 Rxd3 33. Qxf7+ Nxf7 34. Rfxf7+ 1-0